[Event "Cattolica Vergani Cup"]
[Site "Cattolica"]
[Date "2021.12.29"]
[Round "6"]
[White "Tulchynskyi, Feliks"]
[Black "Bolognese, Leonardo"]
[Result "1-0"]
[WhiteElo "2050"]
[BlackElo "1991"]
[PlyCount "73"]
[EventDate "2021.12.26"]
[EventType "swiss"]
[EventRounds "9"]
[EventCountry "ITA"]
[SourceTitle "EXT 2023"]
[Source "ChessBase"]
[SourceDate "2022.10.05"]
[SourceVersion "1"]
[SourceVersionDate "2022.10.05"]
[SourceQuality "1"]

1. d4 d5 2. c4 c6 3. e3 e6 4. Nc3 Nf6 5. b3 b6 6. Bb2 Bb7 7. Bd3 c5 8. Nf3 Nc6 9. cxd5 Nxd5 10. Nxd5 Qxd5 11. e4 Qd8 12. 0-0 cxd4 13. Nxd4 Bc5 14. Nxc6 Bxc6 15. Bxg7 Rg8 16. Be5 Qg5 17. Bg3 h5 18. Qc1 Qg7 19. b4 Qd4 20. bxc5 Qxd3 21. Rd1 Qxe4 22. f3 Qa4 23. Qc3 h4 24. Bd6 0-0-0 25. Rd4 Qb5 26. cxb6 axb6 27. Rc1 Kb7 28. Rb4 Qd5 29. Bc5 b5 30. Rf4 e5 31. Rf6 Rg6 32. Rxg6 fxg6 33. Qa5 Kc8 34. Bb6 Re8 35. Qa7 Qd6 36. Qf7 Re7 37. Qf8+ 1-0

[Event "Cattolica Vergani Cup"]
[Site "Cattolica"]
[Date "2021.12.27"]
[Round "2"]
[White "Gomes, Mary Ann"]
[Black "Bolognese, Leonardo"]
[Result "1-0"]
[WhiteElo "2354"]
[BlackElo "1991"]
[PlyCount "59"]
[EventDate "2021.12.26"]
[EventType "swiss"]
[EventRounds "9"]
[EventCountry "ITA"]
[SourceTitle "CBM 206 Extra"]
[Source "ChessBase"]
[SourceDate "2022.03.31"]
[SourceVersion "1"]
[SourceVersionDate "2022.03.31"]
[SourceQuality "1"]

1. Nf3 d5 2. g3 Nf6 3. Bg2 c6 4. 0-0 Bf5 5. d3 h6 6. b3 e6 7. Bb2 Be7 8. Nbd2 0-0 9. Qe1 c5 10. e4 Bh7 11. Ne5 Nc6 12. Nxc6 bxc6 13. Qe2 Rb8 14. Kh1 Nd7 15. f4 Re8 16. Rae1 Bf8 17. Qf2 f5 18. exf5 Bxf5 19. Nf3 Be7 20. g4 Bh7 21. Rxe6 c4 22. g5 Bc5 23. Rxe8+ Qxe8 24. Qg3 cxd3 25. cxd3 h5 26. Re1 Qf7 27. Nh4 Bxd3 28. Qxd3 Bf2 29. g6 Qxf4 30. Bxd5+ 1-0

[Event "ITA-chT Final 52nd"]
[Site "Montesilvano"]
[Date "2021.09.25"]
[Round "1.3"]
[White "Godena, Michele"]
[Black "Bolognese, Leonardo"]
[Result "1-0"]
[WhiteElo "2441"]
[BlackElo "2104"]
[PlyCount "79"]
[EventDate "2021.09.25"]
[EventType "team-tourn"]
[EventRounds "3"]
[EventCountry "ITA"]
[SourceTitle "CBM 204 Extra"]
[Source "ChessBase"]
[SourceDate "2021.11.30"]
[SourceVersion "1"]
[SourceVersionDate "2021.11.30"]
[SourceQuality "1"]
[WhiteTeam "Marostica Pizzato Elettrica"]
[BlackTeam "Cerianese Scacchistica"]
[WhiteTeamCountry "ITA"]
[BlackTeamCountry "ITA"]

1. e4 e6 2. d4 d5 3. Nd2 h6 4. c3 c5 5. Ngf3 Nc6 6. exd5 exd5 7. Bb5 Qe7+ 8. Be2 cxd4 9. Nxd4 Nxd4 10. cxd4 Qc7 11. Bb5+ Bd7 12. Qe2+ Be7 13. Bd3 Nf6 14. 0-0 Kf8 15. Nf3 Bg4 16. h3 Bxf3 17. Qxf3 Bd6 18. Be3 a6 19. Rac1 Qe7 20. Rfe1 Re8 21. Bd2 Ne4 22. Qf5 Qf6 23. Bxe4 dxe4 24. Qd5 Kg8 25. Rxe4 Kh7 26. Rce1 Rxe4 27. Qxe4+ g6 28. Bc3 Rc8 29. Qxb7 Rb8 30. Qe4 Bb4 31. g3 Bxc3 32. bxc3 Rb2 33. Re2 Qb6 34. Rxb2 Qxb2 35. Qd5 Kg7 36. Qb3 Qc1+ 37. Kg2 Qe1 38. Qc2 a5 39. c4 a4 40. c5 1-0

[Event "Bassano del Grappa Vergani Cup Elitte-A"]
[Site "Bassano del Grappa"]
[Date "2021.01.06"]
[Round "6"]
[White "Rindone, Andrea"]
[Black "Bolognese, Leonardo"]
[Result "1/2-1/2"]
[WhiteElo "2153"]
[BlackElo "2069"]
[PlyCount "68"]
[EventDate "2021.01.03"]
[EventType "swiss"]
[EventRounds "9"]
[EventCountry "ITA"]
[SourceTitle "EXT 2022"]
[Source "ChessBase"]
[SourceDate "2021.10.06"]
[SourceVersion "1"]
[SourceVersionDate "2021.10.06"]
[SourceQuality "1"]

1. d4 d5 2. c4 c6 3. Nf3 Nf6 4. Nc3 e6 5. cxd5 exd5 6. Bg5 Be7 7. Qc2 g6 8. e3 Bf5 9. Bd3 Bxd3 10. Qxd3 0-0 11. 0-0 Nbd7 12. Rab1 a5 13. Qc2 Kg7 14. a3 Nh5 15. Bxe7 Qxe7 16. b4 axb4 17. axb4 b5 18. e4 dxe4 19. Nxe4 Nhf6 20. Rfe1 Nxe4 21. Rxe4 Qd6 22. Ne5 Nxe5 23. dxe5 Qe6 24. Rc1 Rfd8 25. g3 Ra6 26. Qc3 Rd5 27. Rce1 Ra2 28. Rf4 Rdd2 29. Rf6 Qc4 30. Qxc4 bxc4 31. Rc1 Re2 32. Rxc4 Rxe5 33. Rfxc6 Rb2 34. R6c5 Rxb4 1/2-1/2

[Event "Cesenatico op 23rd"]
[Site "Cesenatico"]
[Date "2019.09.02"]
[Round "2"]
[White "Di Benedetto, Edoardo"]
[Black "Bolognese, Leonardo"]
[Result "1-0"]
[WhiteElo "2405"]
[BlackElo "2021"]
[PlyCount "69"]
[EventDate "2019.09.01"]
[EventType "swiss"]
[EventRounds "9"]
[EventCountry "ITA"]
[SourceTitle "EXT 2020"]
[Source "ChessBase"]
[SourceDate "2019.10.17"]
[SourceVersion "1"]
[SourceVersionDate "2019.10.17"]
[SourceQuality "1"]

1. d4 d5 2. c4 e6 3. Nc3 c6 4. e3 Nf6 5. Nf3 Nbd7 6. Bd3 dxc4 7. Bxc4 b5 8. Bd3 a6 9. e4 c5 10. e5 cxd4 11. Nxb5 axb5 12. exf6 gxf6 13. Qe2 Qb6 14. Bxb5 Bb7 15. 0-0 Rg8 16. a4 Bd6 17. Rd1 Ra5 18. g3 Rxb5 19. axb5 Rg4 20. Nd2 Ne5 21. Nc4 Nf3+ 22. Qxf3 Bxf3 23. Nxb6 Bxd1 24. Ra8+ Ke7 25. Bh6 e5 26. Bf8+ Ke6 27. Re8+ Kf5 28. Bxd6 d3 29. Nd5 Rd4 30. Ne3+ Ke4 31. Bc5 Ra4 32. Nxd1 Ra1 33. Kg2 Rxd1 34. Rd8 Rc1 35. b4 1-0

[Event "Palmanova op 7th"]
[Site "Palmanova"]
[Date "2018.12.08"]
[Round "3"]
[White "Bolognese, Leonardo"]
[Black "Marchesich, Giovanni"]
[Result "0-1"]
[WhiteElo "2069"]
[BlackElo "1948"]
[PlyCount "68"]
[EventDate "2018.12.07"]
[EventType "swiss"]
[EventRounds "5"]
[EventCountry "ITA"]
[SourceTitle "CBM 187 Extra"]
[Source "ChessBase"]
[SourceDate "2018.11.04"]
[SourceVersion "1"]
[SourceVersionDate "2018.11.04"]
[SourceQuality "1"]

1. d4 Nf6 2. c4 c5 3. d5 b5 4. cxb5 a6 5. e3 axb5 6. Bxb5 Qa5+ 7. Nc3 Bb7 8. Bd2 Qb6 9. Nf3 Nxd5 10. a4 e6 11. e4 Nxc3 12. Bxc3 Bxe4 13. Ne5 Bd5 14. Qh5 g6 15. Qh4 Be7 16. Qf4 f6 17. Ng4 0-0 18. Bxf6 Bxf6 19. Nxf6+ Kg7 20. Nxd5 Qa5+ 21. Qd2 Qxd2+ 22. Kxd2 exd5 23. f3 Nc6 24. Ra3 Ne5 25. Re1 d6 26. Ke3 g5 27. Rd1 d4+ 28. Ke4 Rad8 29. g3 Nxf3 30. Bc6 Ne5 31. Kd5 Rf2 32. Rb3 Kf6 33. a5 Ng4 34. Ke4 d5+ 0-1

[Event "Palmanova op 7th"]
[Site "Palmanova"]
[Date "2018.12.07"]
[Round "1"]
[White "Bolognese, Leonardo"]
[Black "Manca, Federico"]
[Result "0-1"]
[WhiteElo "2069"]
[BlackElo "2401"]
[PlyCount "76"]
[EventDate "2018.12.07"]
[EventType "swiss"]
[EventRounds "5"]
[EventCountry "ITA"]
[SourceTitle "CBM 187 Extra"]
[Source "ChessBase"]
[SourceDate "2018.11.04"]
[SourceVersion "1"]
[SourceVersionDate "2018.11.04"]
[SourceQuality "1"]

1. d4 Nf6 2. c4 e6 3. Nf3 Bb4+ 4. Bd2 Qe7 5. g3 Nc6 6. e3 Bxd2+ 7. Qxd2 d5 8. Nc3 dxc4 9. Bg2 e5 10. dxe5 Nxe5 11. 0-0 Nxf3+ 12. Bxf3 c6 13. Qd4 Be6 14. e4 0-0 15. e5 Nd7 16. Rfe1 Nc5 17. Ne4 Nd3 18. Re2 Rfd8 19. Qc3 b5 20. Nd6 Nxe5 21. Rxe5 Rxd6 22. Qe3 Rad8 23. a4 Rd3 24. Qe4 Qf6 25. Be2 R3d5 26. f4 Rxe5 27. fxe5 Qg5 28. axb5 cxb5 29. Rxa7 Qc1+ 30. Kf2 Qxb2 31. Ra8 Qd2 32. Rxd8+ Qxd8 33. Qc6 Qb8 34. Kg2 g6 35. Qc5 Qa8+ 36. Kf2 Qh1 37. Qxb5 Qxh2+ 38. Kf3 Bd5+ 0-1

[Event "Wch U14"]
[Site "Porto Carras"]
[Date "2018.10.27"]
[Round "8"]
[White "Patrelakis, Evaggelos"]
[Black "Bolognese, Leonardo"]
[Result "1-0"]
[WhiteElo "2146"]
[BlackElo "1947"]
[PlyCount "113"]
[EventDate "2018.10.20"]
[EventType "swiss"]
[EventRounds "11"]
[EventCountry "GRE"]
[SourceTitle "CBM 187 Extra"]
[Source "ChessBase"]
[SourceDate "2018.11.04"]
[SourceVersion "1"]
[SourceVersionDate "2018.11.04"]
[SourceQuality "1"]

1. e4 e6 2. d4 d5 3. Nd2 h6 4. Ngf3 Nf6 5. e5 Nfd7 6. c4 c5 7. cxd5 exd5 8. Bd3 Qb6 9. 0-0 Be7 10. Re1 0-0 11. Bb1 Re8 12. a3 cxd4 13. Nb3 Nc5 14. Nbxd4 Ne6 15. Nxe6 Bxe6 16. Qc2 g6 17. Bxh6 Nc6 18. Qd2 Na5 19. Be3 Qd8 20. Nd4 Nc4 21. Nxe6 Qd7 22. Qe2 Qxe6 23. Bd4 b6 24. Bd3 Rac8 25. Rad1 Bc5 26. Bxc5 Rxc5 27. f4 b5 28. Qf2 Qb6 29. Kh1 Rc6 30. Qe2 d4 31. Rc1 Rec8 32. f5 gxf5 33. Bxf5 R8c7 34. Qg4+ Kf8 35. Rcd1 Ne3 36. Rxe3 dxe3 37. Rd8+ Ke7 38. Qg5+ Rf6 39. Rd7+ Rxd7 40. exf6+ Qxf6 41. Qxe3+ Kd8 42. Bxd7 Kxd7 43. Qxa7+ Ke8 44. Qb8+ Ke7 45. Qxb5 Qf2 46. Qe5+ Kd7 47. h3 f5 48. a4 f4 49. b3 Qf1+ 50. Kh2 Qf2 51. Qd5+ Kc7 52. Qf3 Qd4 53. a5 Qd6 54. a6 Kb6 55. Qb7+ Ka5 56. b4+ Ka4 57. Qf3 1-0

[Event "Wch U14"]
[Site "Porto Carras"]
[Date "2018.10.21"]
[Round "3"]
[White "Bolognese, Leonardo"]
[Black "Gombocz, Ferenc Jr"]
[Result "0-1"]
[WhiteElo "1947"]
[BlackElo "2271"]
[PlyCount "80"]
[EventDate "2018.10.20"]
[EventType "swiss"]
[EventRounds "11"]
[EventCountry "GRE"]
[SourceTitle "CBM 187 Extra"]
[Source "ChessBase"]
[SourceDate "2018.11.04"]
[SourceVersion "1"]
[SourceVersionDate "2018.11.04"]
[SourceQuality "1"]

1. d4 d5 2. c4 c6 3. Nf3 Nf6 4. Nc3 a6 5. a4 e6 6. Bg5 Be7 7. e3 0-0 8. Be2 h6 9. Bf4 Nbd7 10. c5 a5 11. h3 b6 12. cxb6 Qxb6 13. Qc2 Ba6 14. 0-0 Bxe2 15. Qxe2 Rfc8 16. Rfc1 Bd8 17. Ne5 Nxe5 18. dxe5 Nd7 19. Qg4 Kh7 20. Qh5 Nc5 21. Qxf7 Rc7 22. Qh5 Nb3 23. Qe2 Nxa1 24. Rxa1 Rb8 25. Qd3+ g6 26. Rb1 Qb4 27. b3 Qa3 28. Qc2 Rcb7 29. Ne2 c5 30. Bg3 Bg5 31. h4 Rxb3 32. Rxb3 Qxb3 33. Qxc5 Rb7 34. Nd4 Qd1+ 35. Kh2 Be7 36. Qc6 Rb1 37. Kh3 Qh1+ 38. Bh2 Rg1 39. g3 Qg2+ 40. Kg4 h5+ 0-1

[Event "Biella op-A 9th"]
[Site "Biella"]
[Date "2018.09.30"]
[Round "4.7"]
[White "Lumachi, Gabriele"]
[Black "Bolognese, Leonardo"]
[Result "1/2-1/2"]
[WhiteElo "2226"]
[BlackElo "1907"]
[PlyCount "62"]
[EventDate "2018.09.28"]
[EventType "swiss"]
[EventRounds "5"]
[EventCountry "ITA"]
[SourceTitle "EXT 2024"]
[Source "ChessBase"]
[SourceDate "2023.10.10"]
[SourceVersion "1"]
[SourceVersionDate "2023.10.10"]
[SourceQuality "1"]

1. d4 d5 2. Bf4 Nf6 3. e3 e6 4. Nd2 Bd6 5. Bg3 0-0 6. Ngf3 c5 7. c3 Nc6 8. Bb5 Ne7 9. Bd3 b6 10. e4 dxe4 11. Nxe4 Nf5 12. dxc5 Bxc5 13. Nxf6+ Qxf6 14. Be4 Ba6 15. Qa4 Qh6 16. Qxa6 Nxg3 17. fxg3 Rad8 18. Qe2 f5 19. Bc2 f4 20. gxf4 Rxf4 21. b4 Qf6 22. Bxh7+ Kxh7 23. Qc2+ Kg8 24. bxc5 Rxf3 25. gxf3 Qxf3 26. Rf1 Qe3+ 27. Qe2 Qxc3+ 28. Kf2 Rd2 29. cxb6 Rxe2+ 30. Kxe2 Qb2+ 31. Kf3 Qc3+ 1/2-1/2

[Event "Biella op-A 9th"]
[Site "Biella"]
[Date "2018.09.29"]
[Round "3.12"]
[White "Bolognese, Leonardo"]
[Black "Asperti, Giovanni"]
[Result "1-0"]
[WhiteElo "1907"]
[BlackElo "2086"]
[PlyCount "97"]
[EventDate "2018.09.28"]
[EventType "swiss"]
[EventRounds "5"]
[EventCountry "ITA"]
[SourceTitle "EXT 2024"]
[Source "ChessBase"]
[SourceDate "2023.10.10"]
[SourceVersion "1"]
[SourceVersionDate "2023.10.10"]
[SourceQuality "1"]

1. d4 Nf6 2. c4 g6 3. Nc3 d5 4. Nf3 Bg7 5. Bg5 Ne4 6. cxd5 Nxg5 7. Nxg5 e6 8. Qa4+ c6 9. dxc6 Nxc6 10. Nf3 Bxd4 11. 0-0-0 e5 12. e3 Bd7 13. exd4 exd4 14. Nxd4 Qg5+ 15. Kb1 0-0-0 16. Nxc6 Bxc6 17. Bb5 Bxg2 18. Rxd8+ Rxd8 19. Rc1 Kb8 20. Qc2 Rd2 21. Ne4 Rxc2 22. Nxg5 Rxf2 23. Rc2 Rxc2 24. Kxc2 Kc7 25. Nxf7 Bd5 26. Ng5 h6 27. Nh3 g5 28. Be2 Kd6 29. Nf2 Bf7 30. a3 Ke7 31. Ne4 b6 32. Ng3 Kf6 33. Kc3 Ke5 34. Kb4 Be8 35. Kc4 Bd7 36. Kd3 g4 37. Ke3 a5 38. Nh5 Bc8 39. Nf4 Bd7 40. Nd3+ Kf5 41. Bxg4+ Kxg4 42. Ne5+ Kh3 43. Nxd7 Kxh2 44. Nxb6 Kg3 45. b4 axb4 46. axb4 Kg4 47. Nd5 Kf5 48. b5 Ke6 49. b6 1-0

[Event "ITA-ch rapid"]
[Site "Chianciano Terme"]
[Date "2018.03.31"]
[Round "1"]
[White "Bolognese, Leonardo"]
[Black "Sonis, Francesco"]
[Result "0-1"]
[WhiteElo "1927"]
[BlackElo "2445"]
[PlyCount "104"]
[EventDate "2018.03.31"]
[EventType "swiss (rapid)"]
[EventRounds "7"]
[EventCountry "ITA"]
[SourceTitle "CBM 183 Extra"]
[Source "ChessBase"]
[SourceDate "2018.04.19"]
[SourceVersion "1"]
[SourceVersionDate "2018.04.19"]
[SourceQuality "1"]

1. d4 Nf6 2. c4 e6 3. Nf3 b6 4. g3 Ba6 5. b3 Bb4+ 6. Bd2 Be7 7. Nc3 d5 8. cxd5 exd5 9. e3 Bxf1 10. Kxf1 0-0 11. Kg2 c5 12. Rc1 Nbd7 13. Qc2 Rc8 14. Qd3 cxd4 15. exd4 Ba3 16. Rce1 Bb4 17. a3 Bxc3 18. Bxc3 Ne4 19. Bb2 Nb8 20. Nd2 Nxd2 21. Qxd2 Nc6 22. Re3 Qg5 23. Qd3 Rfd8 24. Rhe1 Qg6 25. Qa6 h5 26. b4 Qc2 27. R1e2 Qc4 28. Qa4 Nxd4 29. Bxd4 Qxd4 30. Qxa7 Qf6 31. Rf3 Qg6 32. Re7 Rf8 33. Qd7 Rcd8 34. Qc7 Rde8 35. Rfxf7 Rxe7 36. Rxe7 Qf6 37. Qd7 Kh8 38. f4 Qb2+ 39. Kh3 Qf6 40. Re5 g6 41. Qxd5 Qg7 42. Qe6 Rf6 43. Qe8+ Rf8 44. Qe7 Rf7 45. Qg5 Kg8 46. Re6 Kh7 47. Re5 Rf6 48. Rb5 Qd7+ 49. Kh4 Rd6 50. Re5 Re6 51. Rxe6 Qxe6 52. Qe5 Qg4# 0-1

[Event "Zuerich op-B 40th"]
[Site "Zuerich"]
[Date "2016.12.29"]
[Round "5"]
[White "Adzic, Anna"]
[Black "Bolognese, Leonardo"]
[Result "1-0"]
[WhiteElo "1843"]
[BlackElo "1624"]
[PlyCount "45"]
[EventDate "2016.12.26"]
[EventType "swiss"]
[EventRounds "7"]
[EventCountry "SUI"]
[SourceTitle "EXT 2019"]
[Source "ChessBase"]
[SourceDate "2018.10.10"]
[SourceVersion "1"]
[SourceVersionDate "2018.10.10"]
[SourceQuality "1"]

1. e4 e5 2. Nf3 Nc6 3. Bc4 Bc5 4. d3 d6 5. c3 Bg4 6. 0-0 Qd7 7. a4 a5 8. Nbd2 0-0-0 9. Nb3 f5 10. Nxc5 dxc5 11. h3 Bh5 12. Qb3 Re8 13. Ng5 Nd8 14. exf5 Qxf5 15. Qb5 Nf6 16. Qxa5 Kb8 17. Qxc5 h6 18. Ne4 Nxe4 19. dxe4 Qxe4 20. Bd5 Qh4 21. Be3 b6 22. Qb4 Qf6 23. a5 1-0

[Event "Paleochora op 8th"]
[Site "Paleochora"]
[Date "2015.07.17"]
[Round "1"]
[White "Kerigan, Demre"]
[Black "Bolognese, Leonardo"]
[Result "1-0"]
[WhiteElo "2403"]
[BlackElo "1637"]
[PlyCount "51"]
[EventDate "2015.07.17"]
[EventType "swiss"]
[EventRounds "9"]
[EventCountry "GRE"]
[SourceTitle "CBM 167 Extra"]
[Source "ChessBase"]
[SourceDate "2015.09.14"]
[SourceVersion "1"]
[SourceVersionDate "2015.09.14"]
[SourceQuality "1"]

1. e4 e5 2. Nf3 Nc6 3. Bb5 Nge7 4. 0-0 g6 5. d4 exd4 6. c3 Bg7 7. cxd4 a6 8. Ba4 b5 9. Bb3 0-0 10. Bg5 d6 11. h3 h6 12. Be3 Bb7 13. Qd2 Kh7 14. d5 Ne5 15. Nd4 c5 16. dxc6 N7xc6 17. f4 Nc4 18. Bxc4 bxc4 19. Nc3 Nb4 20. f5 Qh4 21. f6 Bh8 22. Rf4 Qh5 23. Nf3 g5 24. Rf5 Rad8 25. Bxg5 Rg8 26. Ne2 1-0

[Event "Milan Palladino Memorial-B 7th"]
[Site "Milan"]
[Date "2015.04.04"]
[Round "3"]
[White "Bolognese, Leonardo"]
[Black "Colonetti, Giacomo"]
[Result "1-0"]
[WhiteElo "1564"]
[BlackElo "1338"]
[PlyCount "53"]
[EventDate "2015.04.02"]
[EventType "swiss"]
[EventRounds "7"]
[EventCountry "ITA"]
[SourceTitle "EXT 2017"]
[Source "ChessBase"]
[SourceDate "2016.10.25"]
[SourceVersion "1"]
[SourceVersionDate "2016.10.25"]
[SourceQuality "1"]

1. d4 Nf6 2. c4 g6 3. Nc3 d6 4. e4 Bg7 5. Nf3 0-0 6. Bd3 Nbd7 7. 0-0 c5 8. d5 Ne8 9. Be3 Nc7 10. Qd2 e6 11. Bh6 e5 12. Bxg7 Kxg7 13. Ne2 Nf6 14. Ng3 Bd7 15. h4 h6 16. Be2 b6 17. Nh2 Qc8 18. f4 exf4 19. Qxf4 Nfe8 20. Bg4 f6 21. Bxd7 Qxd7 22. Ng4 Rh8 23. Nxf6 Nxf6 24. Qxf6+ Kh7 25. Qf7+ Qxf7 26. Rxf7+ Kg8 27. Rxc7 1-0